00611nam a22001817a 450000500170000001000150001702000260003203500140005803700090007208200140008110000190009524501090011425000060022326000450022927001040027430000210037870000300039920240816102228.0 aENG-141064 c249.00a9789357417754 aEN-124596 bDBAD a621.3821 aIndulatha, V.N aAdvanced Instrumentation Technology For Pharmaceutical Analysis/cBy V.N Indulatha [and] R. Priyadarsini a1 aUttar PradeshbBLUEROSE PUBLISHERSc2023 bUttar PradeshaABL Workspaces, B-6, Amaltash Marg, Block B, Sector 4, Noida, Uttar Pradesh e201301 a145p.c20cm(pbk) aPriyadarsini, R. eAuthor